Riconosci lo Stato - Quiz n°148 - Statistics

Statistiche generali
  • Questo quiz è stato fatto 26 volte
  • Il punteggio medio è 9 su 13
Statistiche sulle risposte
Indizio Risposta % Corretto
Iniziale della Capitale G
91%
Superficie 27.830 km²
87%
Indipendenza dal Belgio il 1º luglio 1962
87%
Popolazione 11 865 821 ab.
83%
Valuta Franco
83%
Primo ministro Gervais Ndirakobucai
83%
Fuso Orario UTC+2
83%
Presidente della Repubblica Évariste Ndayishimiye
74%
Forma di Governo Repubblica presidenziale
61%
ISU 0,426
57%
PIL (nominale) 2 472 milioni di $
57%
Tasso di crescita 3,104%
57%
Risposta Burundi
43%
Nessun quiz corrispondente trovato
Distribuzione punteggi
Percentuale di utenti per punteggio
Percentile per numero di risposta
I tuoi punteggi nel tempo
Non hai fatto questo quiz